000 00615nam a2200193Ia 4500
008 151121s9999||||xx |||||||||||||| ||und||
082 _a620।2/ दातार
082 _bHNW-78121
100 _aदातार सुषमा
245 _aसंवाद विश्व
260 _b"संवादविश्व प्रकाशन, पुणे।"
260 _c--
300 _a224
600 _aदातार सुषमा
630 _aसंवाद विश्व
700 _aदातार सुषमा
730 _aसंवाद विश्व
942 _cBOOK
999 _c1259527
_d1259524